Romanian folk tales / (Record no. 192541)
[ view plain ]
| 000 -LEADER | |
|---|---|
| fixed length control field | 01019nam a2200301 a 4500 |
| 001 - CONTROL NUMBER | |
| control field | vtls000190023 |
| 003 - CONTROL NUMBER IDENTIFIER | |
| control field | NLI |
| 005 - DATE AND TIME OF LATEST TRANSACTION | |
| control field | 20210602111620.0 |
| 008 - FIXED-LENGTH DATA ELEMENTS--GENERAL INFORMATION | |
| fixed length control field | 101125s1979 rm 000 0 eng |
| 039 #9 - LEVEL OF BIBLIOGRAPHIC CONTROL AND CODING DETAIL [OBSOLETE] | |
| -- | 201011252249 |
| -- | VLOAD |
| 040 0# - CATALOGING SOURCE | |
| Original cataloging agency | NLI |
| Transcribing agency | VTLS-2010 |
| Description conventions | AACR2 |
| 041 1# - LANGUAGE CODE | |
| Language code of text/sound track or separate title | eng |
| Language code of original | rum |
| 044 ## - COUNTRY OF PUBLISHING/PRODUCING ENTITY CODE | |
| MARC country code | rm |
| 082 04 - DEWEY DECIMAL CLASSIFICATION NUMBER | |
| Classification number | 398.2109498 |
| 245 00 - TITLE STATEMENT | |
| Title | Romanian folk tales / |
| Statement of responsibility, etc. | translated [from the Romanian] by Ana Cartianu ; foreword by Vasile Nicolescu |
| 260 ## - PUBLICATION, DISTRIBUTION, ETC. | |
| Place of publication, distribution, etc. | Bucharest : |
| Name of publisher, distributor, etc. | "Minerva" Pub. House, |
| Date of publication, distribution, etc. | 1979 |
| 300 ## - PHYSICAL DESCRIPTION | |
| Extent | 334 p. ; |
| Dimensions | 21 cm. |
| 504 ## - BIBLIOGRAPHY, ETC. NOTE | |
| Bibliography, etc. note | Includes bibliographical references |
| 650 #0 - SUBJECT ADDED ENTRY--TOPICAL TERM | |
| Topical term or geographic name entry element | Fairy tales |
| Geographic subdivision | Romania |
| 9 (RLIN) | 362810 |
| 650 #0 - SUBJECT ADDED ENTRY--TOPICAL TERM | |
| Topical term or geographic name entry element | Fairy tales |
| General subdivision | History and criticism |
| 9 (RLIN) | 283090 |
| 700 1# - ADDED ENTRY--PERSONAL NAME | |
| Personal name | Cartianu, Ana, |
| Relationship | trl |
| 9 (RLIN) | 139252 |
| 887 ## - NON-MARC INFORMATION FIELD | |
| Content of non-MARC field | |
| 901 ## - LOCAL DATA ELEMENT A, LDA (RLIN) | |
| a | EX2987 |
| b | 23.12.1980 |
| 902 ## - LOCAL DATA ELEMENT B, LDB (RLIN) | |
| a | E 398.2109498 R 661 |
| 942 ## - ADDED ENTRY ELEMENTS (KOHA) | |
| Source of classification or shelving scheme | Dewey Decimal Classification |
| Koha item type | Books |
| 949 ## - LOCAL PROCESSING INFORMATION (OCLC) | |
| -- | VIRTUAITEM |
| -- | 10000 |
| -- | 100 |
| 6 | EXX000002987ENG |
| Withdrawn status | Lost status | Damaged status | Not for loan | Collection code | Home library | Current library | Shelving location | Date acquired | Total Checkouts | Full call number | Barcode | Date last seen | Price effective from | Koha item type |
|---|---|---|---|---|---|---|---|---|---|---|---|---|---|---|
| New English | National Library of India | National Library of India | New English - Main Stack Division | E 398.2109498 R 661 | EXX000002987ENG | 02/06/2021 | 02/06/2021 | Books |
